Glass: a world history. The story of 4000 years of fine glass making

Gardado en:
Detalles Bibliográficos
Main Authors: Kampfer, Fritz (Author), Beyer, Klaus G (Author)
Formato: Libro
Idioma:inglés
Publicado: Nueva York Graphic Society 1966
Subjects:
Tags: Engadir etiqueta
Sen Etiquetas, Sexa o primeiro en etiquetar este rexistro!

MARC

LEADER 00000nam a2200000 a 4500
001 UCT0914
003 CL-VaPUC
008 960913e19660000US |||||||||||||||||eng|d
082 0 4 |a 748.29  |b KAM  |2 21 
100 0 |a Kampfer, Fritz  |e author  |9 369510 
700 0 |a Beyer, Klaus G  |e author  |9 369511 
245 1 0 |a Glass: a world history. The story of 4000 years of fine glass making 
300 |a 314 p 
942 |c BK 
945 |d 19960913 00:00:00  |a nastorga 
260 |a Nueva York  |b Graphic Society  |c 1966 
650 7 |a CRISTALERIA DE ARTE  |2 CL-VaPUC  |9 369512 
650 0 |a Artes plásticas  |9 268637 
650 0 |a Vidrio  |9 262883 
583 |a last modification  |c 20160920 04:21:35  |k Rodrigo Vera 
999 |c 251600  |d 251598 
952 |0 0  |1 0  |4 0  |6 748_290000000000000_KAM_1966  |7 0  |8 A  |9 270883  |a BIBARQ  |b BIBARQ  |d 2019-11-19  |i 3230708  |o 748.29 KAM 1966  |p 3230708  |r 2025-01-20  |w 2019-11-19  |y BK  |k ARQ